| 000 | 00580nam a2200181Ia 4500 | ||
|---|---|---|---|
| 008 | 151202s9999||||xx |||||||||||||| ||und|| | ||
| 082 | _bPNVM-44172 | ||
| 100 | _aगुजर ना.रा. | ||
| 245 | _aप्रयत्ने वाळूचे. | ||
| 260 | _bग्रंथाली प्रकाशन. | ||
| 260 | _c2001 | ||
| 300 | _a129 | ||
| 600 | _aगुजर ना.रा. | ||
| 630 | _aप्रयत्ने वाळूचे. | ||
| 700 | _aगुजर ना.रा. | ||
| 730 | _aप्रयत्ने वाळूचे. | ||
| 942 | _cBOOK | ||
| 999 |
_c1310124 _d1310121 |
||